00687nam a2200241 a 4500001001300000003000900013005001700022008004100039020002300080082001800103100001900121245002200140260004500162300000900207500003500216505000900251650001500260700001900275902000800294942000700302952011900309999001700428nice12345678IN_TiNIC20260116013327.0050524s1996 dela grp 000 0 eng  a8185574 c20000a294.5923bANA aAnand, Subhash aStory as Theology aDelhibIntercultural Publications c1996 a194p aincludes index and biblioraphy2 a194p aMahabharat1 aAnand, Subhash bSRS cBK 001040708StackRoom-aHMIbHMId2007-07-26g200.00l0o294.5923 ANAp018304r2007-07-26v200.00w2005-05-24yBK c10573d10573